书目信息 |
| 题名: |
民相亲 心相通
|
|
| 作者: | 黄品芳 , 曹海炯 , 于宏源 主编 ;上海市人民对外友好协会 , 上海国际问题研究院 编写 | |
| 分册: | 上 | |
| 出版信息: | 上海 上海人民出版社 2018 |
|
| 页数: | 245页 | |
| 开本: | 24cm | |
| 丛书名: | 上海对外交往丛书 | |
| 单 册: | ||
| 中图分类: | D827.51 | |
| 科图分类: | ||
| 主题词: | 人民外交--ren min wai jiao--上海市 | |
| 电子资源: | ||
| ISBN: | 978-7-208-15066-9 | |
| 000 | 01385nam 2200337 45 | |
| 001 | 012001009973 | |
| 005 | 20191107100850.45 | |
| 010 | @a978-7-208-15066-9@dCNY90.00 | |
| 099 | @aCAL 012018143300 | |
| 100 | @a20181109d2018 em y0chiy50 ea | |
| 101 | 0 | @achi |
| 102 | @aCN@b310000 | |
| 105 | @aa z 000yy | |
| 106 | @ar | |
| 200 | 1 | @a民相亲 心相通@Amin xiang qin xin xiang tong@e上海民间对外交往故事选辑@h上@f上海市人民对外友好协会, 上海国际问题研究院编写 |
| 210 | @a上海@c上海人民出版社@d2018 | |
| 215 | @a245页@c彩图@d24cm | |
| 225 | 2 | @a上海对外交往丛书@Ashang hai dui wai jiao wang cong shu |
| 314 | @a书中题: 主编黄品芳, 曹海炯, 于宏源 | |
| 330 | @a本书是中国第一本全面讲述数十年来, 各行各业民间对外交往的生动故事选集。故事内容涵盖上海政治、经济、文化、旅游、体育等方方面面。 | |
| 410 | 0 | @12001 @a上海对外交往丛书 |
| 517 | 1 | @a上海民间对外交往故事选辑@Ashang hai min jian dui wai jiao wang gu shi xuan ji |
| 606 | 0 | @a人民外交@Aren min wai jiao@y上海市 |
| 690 | @aD827.51@v5 | |
| 701 | 0 | @a黄品芳@Ahuang pin fang@4主编 |
| 701 | 0 | @a曹海炯@Acao hai jiong@4主编 |
| 701 | 0 | @a于宏源@Ayu hong yuan@4主编 |
| 712 | 02 | @a上海市人民对外友好协会@Ashang hai shi ren min dui wai you hao xie hui@4编写 |
| 712 | 02 | @a上海国际问题研究院@Ashang hai guo ji wen ti yan jiu yuan@4编写 |
| 801 | 0 | @aCN@b上海新华@c20191020 |
| 905 | @b1135150-1@dD827.51@e203:1@f2 | |
| 民相亲 心相通:上海民间对外交往故事选辑.上/上海市人民对外友好协会, 上海国际问题研究院编写.-上海:上海人民出版社,2018 |
| 245页:彩图;24cm.-(上海对外交往丛书) |
| ISBN 978-7-208-15066-9:CNY90.00 |
| 本书是中国第一本全面讲述数十年来, 各行各业民间对外交往的生动故事选集。故事内容涵盖上海政治、经济、文化、旅游、体育等方方面面。 |
| ● |
| 相关链接 |
|
|
|
|
正题名:民相亲 心相通
索取号:D827.51/203:1
 
预约/预借
| 序号 | 登录号 | 条形码 | 馆藏地/架位号 | 状态 | 备注 |
| 1 | 1135150 | 211351507 | 第一样本阅览室/ [索取号:D827.51/203:1] | 在馆 | |
| 2 | 1135151 | 211351516 | 第一借阅区/ [索取号:D827.51/203:1] | 在馆 |